Exemplary acts on Humanism (Record no. 222705)

MARC details
000 -LEADER
fixed length control field 00479nam a22001697a 4500
005 - DATE AND TIME OF LATEST TRANSACTION
control field 20220428144419.0
008 - FIXED-LENGTH DATA ELEMENTS--GENERAL INFORMATION
fixed length control field 220428b ||||| |||| 00| 0 eng d
040 ## - CATALOGING SOURCE
Transcribing agency English
082 ## - DEWEY DECIMAL CLASSIFICATION NUMBER
Edition number 23
Classification number 144
Item number MITE
100 ## - MAIN ENTRY--PERSONAL NAME
Personal name Abhijit Mitra
100 ## - MAIN ENTRY--PERSONAL NAME
9 (RLIN) 32718
245 ## - TITLE STATEMENT
Title Exemplary acts on Humanism
260 ## - PUBLICATION, DISTRIBUTION, ETC.
Place of publication, distribution, etc. Howrah (West Bengal)
Name of publisher, distributor, etc. Ideal Clinic Hospital Pvt Ltd
Date of publication, distribution, etc. 2008
300 ## - PHYSICAL DESCRIPTION
Extent 59 p.
Other physical details PB
Dimensions 21x12 cm.
650 ## - SUBJECT ADDED ENTRY--TOPICAL TERM
Topical term or geographic name entry element Humanism
9 (RLIN) 32719
700 ## - ADDED ENTRY--PERSONAL NAME
Personal name MITRA (Abhijit)
9 (RLIN) 32720
942 ## - ADDED ENTRY ELEMENTS (KOHA)
Source of classification or shelving scheme Dewey Decimal Classification
Koha item type George Fernandes Collections
Holdings
Withdrawn status Lost status Source of classification or shelving scheme Damaged status Not for loan Collection code Home library Current library Date acquired Total Checkouts Full call number Barcode Date last seen Price effective from Koha item type
    Dewey Decimal Classification     Journalism St Aloysius Library St Aloysius Library 03/23/2013   144 MITE GF03588 04/28/2022 04/28/2022 George Fernandes Collections